[Event "FRA-chT1 1011"]
[Site "France"]
[Date "2010.10.17"]
[Round "1.7"]
[White "Alonso, Audrey"]
[Black "Gaubil, Olivier"]
[Result "0-1"]
[WhiteElo "1834"]
[BlackElo "2056"]
[PlyCount "65"]
[EventDate "2010.10.17"]
[EventType "team-tourn"]
[EventRounds "11"]
[EventCountry "FRA"]
[SourceTitle "EXT 2012"]
[Source "ChessBase"]
[SourceDate "2011.11.24"]
[SourceVersion "1"]
[SourceVersionDate "2011.11.24"]
[SourceQuality "1"]

1. e4 e6 2. d4 d5 3. exd5 exd5 4. Bd3 Nc6 5. c3 Bd6 6. Ne2 Bg4 7. Qc2 Nge7 8. 0-0 Qd7 9. Re1 0-0-0 10. b4 Rde8 11. Qa4 Kb8 12. Nd2 Nxd4 13. Qxd7 Nxe2+ 14. Rxe2 Bxd7 15. Nb3 Ng6 16. Be3 Ne5 17. Rd2 Nxd3 18. Rxd3 c6 19. Nc5 Bf5 20. Rd2 Re7 21. c4 b6 22. Na6+ Kb7 23. b5 Be5 24. Rc1 d4 25. Bxd4 Bf4 26. Be3 Rxe3 27. fxe3 Bxe3+ 28. Rf2 Be6 29. Rcc2 Rd8 30. Kf1 Bxf2 31. Kxf2 c5 32. Kf3 Rd4 33. Re2 0-1

[Event "Marseille op 2nd "]
[Site "Marseille"]
[Date "2009.12.27"]
[Round "3"]
[White "Gaubil, Olivier"]
[Black "Vincensini, Emmanuel"]
[Result "1-0"]
[WhiteElo "2102"]
[BlackElo "1936"]
[PlyCount "77"]
[EventDate "2009.12.26"]
[EventType "swiss"]
[EventRounds "9"]
[EventCountry "FRA"]
[SourceTitle "CBM 134 Extra"]
[Source "ChessBase"]
[SourceDate "2010.03.03"]
[SourceVersion "1"]
[SourceVersionDate "2010.03.03"]
[SourceQuality "1"]

1. Nf3 Nf6 2. d4 d5 3. c4 dxc4 4. Nc3 a6 5. e3 e6 6. Bxc4 c5 7. 0-0 b5 8. Bb3 Bb7 9. dxc5 Qxd1 10. Rxd1 Bxc5 11. Nd4 Ke7 12. a4 b4 13. Nce2 Rd8 14. Bd2 Nbd7 15. Rac1 Rac8 16. Be1 a5 17. Bc4 Nb6 18. Bb5 Nbd5 19. Nc6+ Bxc6 20. Rxc5 Bb7 21. Rxc8 Rxc8 22. Rc1 Nb6 23. Rxc8 Nxc8 24. Nd4 Ne4 25. Nb3 Ned6 26. Nxa5 Nxb5 27. Bxb4+ Kd7 28. Nxb7 Nba7 29. Na5 Nb6 30. Bc5 Nac8 31. b3 g6 32. e4 f5 33. f3 Kc7 34. Kf2 Nd7 35. Ba3 fxe4 36. fxe4 Ne5 37. Ke3 Nb6 38. Kd4 Ng4 39. Nc4 1-0

[Event "Marseille op 2nd "]
[Site "Marseille"]
[Date "2009.12.27"]
[Round "4"]
[White "Riff, Jean Noel"]
[Black "Gaubil, Olivier"]
[Result "1-0"]
[WhiteElo "2500"]
[BlackElo "2102"]
[PlyCount "106"]
[EventDate "2009.12.26"]
[EventType "swiss"]
[EventRounds "9"]
[EventCountry "FRA"]
[SourceTitle "CBM 134 Extra"]
[Source "ChessBase"]
[SourceDate "2010.03.03"]
[SourceVersion "1"]
[SourceVersionDate "2010.03.03"]
[SourceQuality "1"]

1. e4 e6 2. d3 d5 3. Qe2 Nf6 4. Nf3 Be7 5. g3 b6 6. e5 Nfd7 7. h4 Bb7 8. Bg2 c5 9. 0-0 Nc6 10. Bf4 h6 11. h5 Qc7 12. Nc3 a6 13. Nxd5 exd5 14. e6 Bd6 15. exd7+ Kxd7 16. Bh3+ Kd8 17. Bxd6 Qxd6 18. Rae1 Kc7 19. c3 Qf6 20. Nh4 Rad8 21. f4 Kb8 22. Kh2 Rd6 23. Nf5 Re6 24. Ne3 Re7 25. Qf2 Rd8 26. Ng4 Qd6 27. Rxe7 Qxe7 28. Re1 Qd6 29. Ne5 Qc7 30. d4 Nxe5 31. Rxe5 f6 32. Re1 Qf7 33. dxc5 bxc5 34. Qxc5 Re8 35. Rxe8+ Qxe8 36. Bg4 d4 37. Qd6+ Ka8 38. cxd4 Qe1 39. d5 Qf2+ 40. Kh3 Qf1+ 41. Kh4 Qh1+ 42. Bh3 Bxd5 43. Qf8+ Kb7 44. Qxg7+ Kb8 45. Qxf6 Bg2 46. Qb6+ Ka8 47. Qxa6+ Kb8 48. Qc8+ Ka7 49. b4 Bxh3 50. Qxh3 Qc6 51. Qf1 Qf6+ 52. Kh3 Qe6+ 53. Kg2 Kb8 1-0

[Event "FRA-chT3 Gr01 0607"]
[Site "France"]
[Date "2007.04.01"]
[Round "9.1"]
[White "Gaubil, Olivier"]
[Black "Ianniello, Riccardo"]
[Result "1/2-1/2"]
[WhiteElo "2151"]
[BlackElo "2275"]
[PlyCount "39"]
[EventDate "2006.10.15"]
[EventType "team"]
[EventRounds "9"]
[EventCountry "FRA"]
[SourceTitle "EXT 2008"]
[Source "ChessBase"]
[SourceDate "2007.11.25"]
[SourceVersion "1"]
[SourceVersionDate "2007.11.25"]
[SourceQuality "1"]

1. Nf3 c5 2. c4 Nc6 3. d4 cxd4 4. Nxd4 a6 5. Nc3 e6 6. e4 d6 7. Be3 Nf6 8. f3 Be7 9. Be2 0-0 10. 0-0 Qc7 11. Rc1 Bd7 12. Qe1 Nxd4 13. Bxd4 Ne8 14. Qf2 Rc8 15. Qe3 Bf6 16. Bb6 Qb8 17. Ba7 Qc7 18. Bb6 Qb8 19. Ba7 Qc7 20. Bb6 1/2-1/2

[Event "Calvi Balagne op 03rd"]
[Site "Calvi"]
[Date "2006.02.23"]
[Round "5"]
[White "Gaubil, Olivier"]
[Black "Bernardin, Marc"]
[Result "1/2-1/2"]
[WhiteElo "2096"]
[BlackElo "1720"]
[PlyCount "168"]
[EventDate "2006.02.19"]
[EventType "swiss"]
[EventRounds "9"]
[EventCountry "FRA"]
[SourceTitle "CBM 110 Extra"]
[Source "ChessBase"]
[SourceDate "2006.03.10"]
[SourceVersion "2"]
[SourceVersionDate "2006.03.10"]
[SourceQuality "1"]

1. Nf3 Nf6 2. d4 g6 3. c4 d5 4. g3 Bg7 5. Bg2 0-0 6. 0-0 c6 7. Na3 Bf5 8. Ne5 Qc8 9. cxd5 cxd5 10. Bf4 Nc6 11. Rc1 Bh3 12. Nxc6 bxc6 13. Be5 Bxg2 14. Kxg2 Qa6 15. e3 Nd7 16. Bxg7 Kxg7 17. Rc3 Rfc8 18. Qc1 Rc7 19. Rd1 Nf6 20. b4 Rac8 21. Qb2 Ne4 22. Rb3 Nd6 23. Rc1 Nb5 24. Nb1 Nd6 25. Nd2 Qe2 26. Rc2 Qb5 27. Qc1 e6 28. a3 h5 29. h4 Ne4 30. Nxe4 dxe4 31. Rbc3 Qf5 32. Qd1 a6 33. Rc5 Qf6 34. f3 exf3+ 35. Qxf3 Qxf3+ 36. Kxf3 Kf6 37. Ke4 Ke7 38. Rf2 Rd7 39. Ra5 Ra8 40. Rc2 Kd6 41. Rf2 Raa7 42. Kd3 Rdc7 43. Kc4 Rcb7 44. e4 Rb5 45. a4 Rb6 46. e5+ Ke7 47. Kc5 Rab7 48. Rb2 Kd7 49. Rb3 Rb8 50. Rf3 Ke7 51. Rb3 Kd7 52. b5 cxb5 53. axb5 Rxb5+ 54. Rbxb5 Rc8+ 55. Kb4 axb5 56. Rxb5 Rc2 57. Rc5 Rg2 58. Rc3 Re2 59. Kc4 Re4 60. Kc5 Rg4 61. Ra3 Ke7 62. Rf3 g5 63. hxg5 Rxg5 64. Ra3 Rg4 65. Rb3 h4 66. gxh4 Rxh4 67. Rb7+ Kf8 68. Rb8+ Kg7 69. Rb1 Kf8 70. Rf1 Ke7 71. Ra1 Kf8 72. Ra8+ Kg7 73. Ra2 Rf4 74. Rd2 Re4 75. Kd6 Kf8 76. Rd1 Rf4 77. d5 exd5 78. Kxd5 Ra4 79. Rb1 Ra5+ 80. Ke4 Ke7 81. Rb7+ Ke6 82. Rb6+ Ke7 83. Kf5 Ra1 84. Rb7+ Kf8 1/2-1/2

[Event "Condom op 4th"]
[Site "Condom"]
[Date "2005.07.12"]
[Round "5"]
[White "Gaubil, Olivier"]
[Black "Saada, Julien"]
[Result "0-1"]
[WhiteElo "2101"]
[BlackElo "2257"]
[PlyCount "54"]
[EventDate "2005.07.09"]
[EventType "swiss"]
[EventRounds "9"]
[EventCountry "FRA"]
[SourceTitle "CBM 107 Extra"]
[Source "ChessBase"]
[SourceDate "2005.09.01"]
[SourceVersion "1"]
[SourceVersionDate "2005.09.01"]
[SourceQuality "1"]

1. Nf3 d5 2. d4 Nf6 3. c4 e6 4. g3 Be7 5. Bg2 0-0 6. 0-0 dxc4 7. Ne5 Nc6 8. Nxc6 bxc6 9. e4 c5 10. Be3 Rb8 11. dxc5 Qxd1 12. Rxd1 Ng4 13. Bd4 e5 14. Bc3 Bxc5 15. Rd2 f5 16. exf5 Nxf2 17. Bd5+ Kh8 18. Kg2 Bxf5 19. g4 Nxg4 20. Na3 Ne3+ 21. Kg3 Bd3 22. Bf3 Rb6 23. Ba5 Rh6 24. Be2 e4 25. h4 Bd6+ 26. Kh3 Bxe2 27. Rxe2 Rf3# 0-1

[Event "FRA-chT2 0304a"]
[Site "France"]
[Date "2004.04.04"]
[Round "11.2"]
[White "Benitah, Yohan"]
[Black "Gaubil, Olivier"]
[Result "1/2-1/2"]
[WhiteElo "2420"]
[BlackElo "2092"]
[PlyCount "79"]
[EventDate "2003.10.??"]
[EventType "team"]
[EventRounds "11"]
[EventCountry "FRA"]
[SourceTitle "EXT 2005"]
[Source "ChessBase"]
[SourceDate "2004.11.15"]
[SourceVersion "1"]
[SourceVersionDate "2004.11.15"]
[SourceQuality "1"]
[WhiteTeam "Lyon Olympique"]
[BlackTeam "Marseille Reciproque"]
[WhiteTeamCountry "FRA"]
[BlackTeamCountry "FRA"]

1. d4 Nf6 2. c4 g6 3. Nc3 Bg7 4. e4 d6 5. f3 0-0 6. Bg5 Nc6 7. Nge2 a6 8. Qd2 Bd7 9. h4 h5 10. 0-0-0 b5 11. g4 hxg4 12. Ng3 Nh5 13. Nxh5 gxh5 14. Nd5 f6 15. Be3 e5 16. fxg4 Bxg4 17. Be2 exd4 18. Bxg4 hxg4 19. Bh6 Ne5 20. Bxg7 Kxg7 21. Qxd4 bxc4 22. Ne3 Kh7 23. Nxc4 Qe8 24. Ne3 Qc6+ 25. Kb1 Nf3 26. Qd3 Ne5 27. Qd4 Nf3 28. Qd5 Qxd5 29. Rxd5 Ne5 30. Nf5 Rab8 31. Rd4 Rg8 32. Ng3 Rb6 33. Rf1 c5 34. Rd5 Rgb8 35. Rf2 c4 36. Nh5 Nd3 37. Nxf6+ Kg6 38. h5+ Kg7 39. Rg5+ Kf8 40. Rg2 1/2-1/2

[Event "Martinez op-A"]
[Site "Cannes"]
[Date "2000.08.06"]
[Round "9"]
[White "Gunter, David WW"]
[Black "Gaubil, Olivier"]
[Result "1/2-1/2"]
[WhiteElo "2139"]
[BlackElo "2003"]
[PlyCount "82"]
[EventDate "2000.07.29"]
[EventType "swiss"]
[EventRounds "9"]
[EventCountry "FRA"]
[SourceTitle "EXT 2001"]
[Source "ChessBase"]
[SourceDate "2000.11.22"]
[SourceVersion "1"]
[SourceVersionDate "2000.11.22"]
[SourceQuality "1"]

1. d4 e6 2. Nf3 c5 3. d5 exd5 4. Qxd5 Nf6 5. Qd1 d5 6. c4 Nc6 7. cxd5 Qxd5 8. Qa4 Bd7 9. Nc3 Nd4 10. Nxd5 Bxa4 11. Nxf6+ gxf6 12. Nxd4 cxd4 13. e4 dxe3 14. Bxe3 Bb4+ 15. Bd2 Bxd2+ 16. Kxd2 Rd8+ 17. Kc3 0-0 18. Bc4 Rc8 19. Kb4 Bc2 20. Rac1 Bf5 21. Rhe1 Rfd8 22. Re7 Rd2 23. b3 Rxa2 24. Rxb7 Be6 25. Rc3 Bxc4 26. bxc4 a5+ 27. Kb5 Rb2+ 28. Ka6 Ra8+ 29. Ra7 Rxa7+ 30. Kxa7 Kf8 31. c5 Ke7 32. Rd3 a4 33. c6 a3 34. Rxa3 Kd6 35. Rc3 Kc7 36. Ka6 Rxf2 37. Kb5 Rxg2 38. Ra3 Rg5+ 39. Kc4 h5 40. Rf3 Kxc6 41. Rxf6+ Kd7 1/2-1/2

[Event "Martinez op-A"]
[Site "Cannes"]
[Date "2000.08.01"]
[Round "4"]
[White "Gaubil, Olivier"]
[Black "Gentilleau, Jean Philippe"]
[Result "1/2-1/2"]
[WhiteElo "2003"]
[BlackElo "2177"]
[PlyCount "52"]
[EventDate "2000.07.29"]
[EventType "swiss"]
[EventRounds "9"]
[EventCountry "FRA"]
[SourceTitle "EXT 2001"]
[Source "ChessBase"]
[SourceDate "2000.11.22"]
[SourceVersion "1"]
[SourceVersionDate "2000.11.22"]
[SourceQuality "1"]

1. Nf3 c5 2. g3 g6 3. Bg2 Bg7 4. d4 cxd4 5. Nxd4 Nc6 6. Nxc6 bxc6 7. c4 Rb8 8. Qc2 Qa5+ 9. Nd2 Nf6 10. 0-0 c5 11. b3 0-0 12. Bb2 d6 13. e4 Qb6 14. Bc3 Ne8 15. Bxg7 Nxg7 16. f4 a5 17. f5 a4 18. g4 Bd7 19. Rf3 f6 20. Rh3 g5 21. Rf1 Ne8 22. e5 dxe5 23. Bd5+ Kg7 24. Ne4 Rh8 25. Qf2 Rc8 26. Qe3 h6 1/2-1/2